| 000 | 00897 a2200301 4500 | ||
|---|---|---|---|
| 001 | 200421254 | ||
| 650 | 0 |
_9103994 _aPrejudices |
|
| 650 | 0 |
_9103995 _aÖnyargılar |
|
| 999 |
_c200421254 _d25562 |
||
| 003 | TR-AnTOB | ||
| 005 | 20240530141841.0 | ||
| 008 | 150205e2011 tu 000 0 | ||
| 020 | _a9789754689891 | ||
| 040 |
_aTR-AnTOB _beng _erda |
||
| 041 | _atur | ||
| 050 |
_aBF323.D6 _bA3619 2011 |
||
| 090 | _aBF323.D6 A3619 2011 | ||
| 100 | 1 |
_aAdorno, Theodor W., _d1903-1969 _9103409 |
|
| 245 | 1 | 0 |
_aOtoritaryen kişilik üstüne : _bniteliksel ideoloji incelemeleri / _cT.W. Adorno ; Türkçesi D. Şahiner. |
| 246 | 0 | _aNiteliksel ideoloji incelemeleri. | |
| 264 | 1 |
_aİstanbul : _bSay, _c2011. |
|
| 300 |
_a336 pages ; _c21 cm. |
||
| 336 |
_atext _2rdacontent |
||
| 337 |
_aunmediated _2rdamedia |
||
| 338 |
_avolume _2rdacarrier |
||
| 700 | 1 |
_aŞahiner, M. Doğan _9103993 |
|
| 942 | _cBK | ||